Thermogravimetric analysis of blends of polychloroprene and EPDM blends (Record no. 74446)

MARC details
000 -LEADER
fixed length control field 00470nam a2200145Ia 4500
100 ## - MAIN ENTRY--AUTHOR NAME
Personal name Tobia Mathew
245 #0 - TITLE STATEMENT
Title Thermogravimetric analysis of blends of polychloroprene and EPDM blends
260 ## - PUBLICATION, DISTRIBUTION, ETC. (IMPRINT)
Name of publisher Cocin University of Science and technology
Place of publication Kochi
Year of publication 2016
300 ## - PHYSICAL DESCRIPTION
Number of Pages 59
500 ## - GENERAL NOTE
General note Course: MSc Ap Ch
700 ## - ADDED ENTRY--PERSONAL NAME
Personal name Dr Siby varghese & Mrs Fancy, MA
850 ## - HOLDING INSTITUTION
Holding institution Rubber Research Institute of India
942 ## - ADDED ENTRY ELEMENTS (KOHA)
Koha item type Theses
Holdings
Withdrawn status Lost status Damaged status Not for loan Collection code Home library Current library Shelving location Date acquired Koha item type
      Theses Dissertation RRII Library RRII Library Rubber technology 31/12/2021 Theses